[Event "FIDE Open World Blitz 2021"]
[Site "Warsaw"]
[Date "2021.12.29"]
[Round "11.11"]
[White "Tari, Aryan"]
[Black "Bellahcene, Bilel"]
[Result "1-0"]
[WhiteElo "2649"]
[BlackElo "2528"]
[Annotator "ChessBase"]
[PlyCount "71"]
[EventDate "2021.12.29"]
[EventType "swiss"]
[EventCountry "POL"]
[Tiebreak "Cut1 Buchholz"]
[SourceTitle "playchess.com"]
[Source "ChessBase"]
[SourceQuality "1"]

1. e4 c5 2. Nc3 e6 3. d4 cxd4 4. Qxd4 Nc6 5. Qd3 a6 6. Qg3 b5 7. Bg5 Nge7 8.
Bd3 Bb7 9. Nf3 h6 10. Bf4 Ng6 11. Bc7 Qe7 12. e5 Nb4 13. Bxg6 fxg6 14. Qxg6+
Qf7 15. Qxf7+ Kxf7 16. O-O-O Nd5 17. Bd6 Nxc3 18. bxc3 Bd5 19. Kb2 Rc8 20. Rd4
Be7 21. Rf4+ Ke8 22. a4 g5 23. Rd4 Rf8 24. axb5 axb5 25. h4 Bxd6 26. exd6 Bxf3
27. gxf3 Rxf3 28. hxg5 hxg5 29. Rg4 Rc5 30. Ra1 Rfxc3 31. Ra8+ Kf7 32. Rd8
Rxc2+ 33. Kb3 Rxf2 34. Rxd7+ Kf6 35. Rd8 Rd5 36. Rf8+ 1-0

[Event "FIDE Open World Blitz 2021"]
[Site "Warsaw"]
[Date "2021.12.29"]
[Round "11.12"]
[White "Alekseenko, Kirill"]
[Black "Artemiev, Vladislav"]
[Result "0-1"]
[WhiteElo "2710"]
[BlackElo "2699"]
[Annotator "ChessBase"]
[PlyCount "86"]
[EventDate "2021.12.29"]
[EventType "swiss"]
[EventCountry "POL"]
[Tiebreak "Cut1 Buchholz"]
[SourceTitle "playchess.com"]
[Source "ChessBase"]
[SourceQuality "1"]

1. e4 e5 2. Nf3 Nc6 3. Bb5 Nf6 4. d3 d6 5. c3 Bd7 6. O-O g6 7. Re1 Bg7 8. Nbd2
O-O 9. Ba4 Qe8 10. Bb3 Be6 11. d4 Bxb3 12. Qxb3 Rb8 13. dxe5 Nxe5 14. Nxe5 Qxe5
15. Nf3 Qa5 16. Bf4 Nd7 17. Rad1 Rfe8 18. h3 Qb6 19. Qc2 Re7 20. Bg5 Ree8 21.
Be3 Qa6 22. b3 Qc6 23. Bd4 Bxd4 24. Nxd4 Qc5 25. c4 a6 26. Nf3 Nf6 27. Re3 Re7
28. Rde1 Rbe8 29. Qd3 Nd7 30. Qc3 b5 31. cxb5 axb5 32. Qb2 b4 33. Nh2 Qe5 34.
Qc1 Nf6 35. Nf3 Qf4 36. Qc4 Rxe4 37. Rxe4 Rxe4 38. Rxe4 Nxe4 39. Qxc7 Qf6 40.
Qb8+ Kg7 41. Qxb4 Nc3 42. Qc4 d5 43. Qd4 Ne2+ 0-1

[Event "FIDE Open World Blitz 2021"]
[Site "Warsaw"]
[Date "2021.12.29"]
[Round "11.12"]
[White "Dziuba, Marcin"]
[Black "Bluebaum, Matthias"]
[Result "0-1"]
[WhiteElo "2568"]
[BlackElo "2609"]
[Annotator "ChessBase"]
[PlyCount "30"]
[EventDate "2021.12.29"]
[EventType "swiss"]
[EventCountry "POL"]
[Tiebreak "Cut1 Buchholz"]
[SourceTitle "playchess.com"]
[Source "ChessBase"]
[SourceQuality "1"]

1. d4 d5 2. c4 e6 3. Nf3 Nf6 4. e3 a6 5. b3 c5 6. cxd5 Nxd5 7. Be2 Nc6 8. O-O
cxd4 9. Nxd4 Nxd4 10. Qxd4 Be7 11. Bb2 Bf6 12. Qd2 O-O 13. e4 Nf4 14. Rd1 Nxe2+
15. Qxe2 Bxb2 0-1

[Event "FIDE Open World Blitz 2021"]
[Site "Warsaw"]
[Date "2021.12.29"]
[Round "11.13"]
[White "Karjakin, Sergey"]
[Black "Caruana, Fabiano"]
[Result "1/2-1/2"]
[WhiteElo "2743"]
[BlackElo "2791"]
[Annotator "TA"]
[PlyCount "72"]
[EventDate "2021.12.29"]
[EventType "swiss"]
[EventCountry "POL"]
[Tiebreak "Cut1 Buchholz"]
[SourceTitle "playchess.com"]
[Source "ChessBase"]
[SourceQuality "1"]

1. e4 e5 2. Nf3 Nc6 3. Bb5 a6 4. Ba4 d6 5. O-O Bd7 6. c3 g6 7. d4 Bg7 8. Re1
Nf6 9. Nbd2 O-O 10. h3 Re8 11. Bc2 a5 12. Nf1 a4 13. Ng3 b5 14. Bd3 Qb8 15. Be3
Qb7 16. Rc1 Na5 17. b3 axb3 18. axb3 Nc6 19. Qd2 Ra3 20. b4 Rea8 21. dxe5 Nxe5
22. Nxe5 dxe5 23. c4 c6 24. Bf1 Be6 25. cxb5 cxb5 26. Rc5 Nxe4 27. Nxe4 Qxe4
28. Rxb5 Ra2 29. Qd6 Bf8 30. Qxe5 Qxe5 31. Rxe5 Bxb4 32. Rb1 Bc3 33. Reb5 Kg7
34. Bd3 Ra1 35. Rxa1 Rxa1+ 36. Rb1 Rxb1+ 1/2-1/2

[Event "FIDE Open World Blitz 2021"]
[Site "Warsaw"]
[Date "2021.12.29"]
[Round "11.13"]
[White "Efimenko, Zahar"]
[Black "Zilka, Stepan"]
[Result "1/2-1/2"]
[WhiteElo "2601"]
[BlackElo "2593"]
[Annotator "ChessBase"]
[PlyCount "78"]
[EventDate "2021.12.29"]
[EventType "swiss"]
[EventCountry "POL"]
[Tiebreak "Cut1 Buchholz"]
[SourceTitle "playchess.com"]
[Source "ChessBase"]
[SourceQuality "1"]

1. Nf3 d5 2. g3 c6 3. Bg2 Nf6 4. O-O Bf5 5. c4 e6 6. cxd5 exd5 7. d3 Be7 8. Qb3
Qb6 9. Qc2 O-O 10. Nc3 h6 11. e4 dxe4 12. dxe4 Bh7 13. Be3 Qa6 14. Nd4 Nbd7 15.
f3 Rad8 16. Rad1 Ne5 17. Kh1 Nc4 18. Bf2 b5 19. b3 Na3 20. Qc1 c5 21. Nc2 c4
22. Nxa3 Bxa3 23. Qc2 Rc8 24. Bd4 Rfd8 25. Bh3 cxb3 26. Qxb3 Rb8 27. e5 b4 28.
exf6 bxc3 29. Qxc3 Bb2 30. Qe3 Bxd4 31. Rxd4 Qxf6 32. Rxd8+ Rxd8 33. Qxa7 Bd3
34. Rf2 Bc4 35. Bf1 Rd1 36. Qa8+ Rd8 37. Qa4 Bxf1 38. Rxf1 Qb2 39. Qe4 Qxa2
1/2-1/2

[Event "FIDE Open World Blitz 2021"]
[Site "Warsaw"]
[Date "2021.12.29"]
[Round "11.14"]
[White "Kobalia, Mikhail"]
[Black "Giri, Anish"]
[Result "0-1"]
[WhiteElo "2600"]
[BlackElo "2774"]
[Annotator "TA"]
[PlyCount "110"]
[EventDate "2021.12.29"]
[EventType "swiss"]
[EventCountry "POL"]
[Tiebreak "Cut1 Buchholz"]
[SourceTitle "playchess.com"]
[Source "ChessBase"]
[SourceQuality "1"]

1. e4 c5 2. Nf3 d6 3. d4 cxd4 4. Nxd4 Nf6 5. Nc3 a6 6. Be3 e5 7. Nb3 Be6 8. Qd2
Nbd7 9. O-O-O Be7 10. f4 b5 11. Kb1 b4 12. Nd5 Nxe4 13. Qxb4 Bxd5 14. Rxd5 Nef6
15. Rd1 a5 16. Qe1 a4 17. fxe5 axb3 18. exf6 bxc2+ 19. Kxc2 Bxf6 20. Bd4+ Kf8
21. Bxf6 Nxf6 22. Kb1 d5 23. Bc4 h5 24. Bb3 h4 25. Rf1 Rh5 26. h3 Qd6 27. Qe2
Rg5 28. Qf2 Qg3 29. Qc5+ Kg8 30. Qc6 Rd8 31. Rd2 Qe5 32. Qb6 Re8 33. Bc2 Rg3
34. Qf2 Re7 35. Bd3 Ne4 36. Bxe4 dxe4 37. Qf4 e3 38. Re2 g5 39. Qc4 Kg7 40. a4
f5 41. Rd1 g4 42. Rd5 Qe4+ 43. Qxe4 Rxe4 44. Rxf5 gxh3 45. gxh3 Rxa4 46. Re5
Rxh3 47. R5xe3 Rxe3 48. Rxe3 Kg6 49. Kc2 Kf5 50. Re8 h3 51. Rh8 Kg4 52. Kd3 Kg3
53. Ke2 h2 54. Rg8+ Rg4 55. Rh8 Rh4 0-1

[Event "FIDE Open World Blitz 2021"]
[Site "Warsaw"]
[Date "2021.12.29"]
[Round "11.14"]
[White "Vastrukhin, Oleg"]
[Black "Klekowski, Maciej"]
[Result "0-1"]
[WhiteElo "2588"]
[BlackElo "2499"]
[Annotator "ChessBase"]
[PlyCount "66"]
[EventDate "2021.12.29"]
[EventType "swiss"]
[EventCountry "POL"]
[Tiebreak "Cut1 Buchholz"]
[SourceTitle "playchess.com"]
[Source "ChessBase"]
[SourceQuality "1"]

1. Nf3 Nf6 2. g3 d6 3. Bg2 e5 4. O-O Be7 5. c4 O-O 6. Nc3 Nc6 7. d3 h6 8. Rb1
a5 9. a3 Be6 10. b4 axb4 11. axb4 Qd7 12. Re1 Bh3 13. Bh1 Rfe8 14. Nd5 Bd8 15.
b5 Nb8 16. Nd2 Nxd5 17. Bxd5 c6 18. Bh1 Ba5 19. Qb3 Qf5 20. Rd1 Nd7 21. bxc6
Nc5 22. Qc2 bxc6 23. Bxc6 Rac8 24. Bd5 Ne6 25. Bb2 e4 26. Nxe4 Qxd5 27. cxd5
Rxc2 28. dxe6 Rxe6 29. Ra1 Bb6 30. Bc1 d5 31. Nd2 Rxe2 32. Rb1 Bxf2+ 33. Kh1
Be3 0-1

[Event "FIDE Open World Blitz 2021"]
[Site "Warsaw"]
[Date "2021.12.29"]
[Round "11.15"]
[White "Alonso Rosell, Alvar"]
[Black "Lubczynski, Rafal"]
[Result "1-0"]
[WhiteElo "2580"]
[BlackElo "2361"]
[Annotator "ChessBase"]
[PlyCount "63"]
[EventDate "2021.12.29"]
[EventType "swiss"]
[EventCountry "POL"]
[Tiebreak "Cut1 Buchholz"]
[SourceTitle "playchess.com"]
[Source "ChessBase"]
[SourceQuality "1"]

1. d4 d5 2. Bf4 Nf6 3. e3 c5 4. dxc5 Qa5+ 5. Nc3 Qxc5 6. Nb5 Na6 7. c3 Bd7 8.
a4 g6 9. Nf3 Bg7 10. Ne5 O-O 11. Nxd7 Nxd7 12. Be2 e5 13. Bg3 Nb6 14. O-O Rfd8
15. Bh4 Rd7 16. a5 Nc4 17. b3 Nd6 18. c4 d4 19. exd4 exd4 20. Bg4 Nf5 21. Qd3
Nb4 22. Qh3 d3 23. Rad1 d2 24. Bxf5 Qxf5 25. Qxf5 gxf5 26. Bg5 a6 27. Na3 Bf8
28. Nb1 Na2 29. Nc3 Nxc3 30. Rxd2 Rxd2 31. Bxd2 Ne2+ 32. Kh1 1-0

[Event "FIDE Open World Blitz 2021"]
[Site "Warsaw"]
[Date "2021.12.29"]
[Round "11.15"]
[White "Moroni, Luca Jr"]
[Black "Rapport, Richard"]
[Result "1-0"]
[WhiteElo "2580"]
[BlackElo "2763"]
[Annotator "ChessBase"]
[PlyCount "69"]
[EventDate "2021.12.29"]
[EventType "swiss"]
[EventCountry "POL"]
[Tiebreak "Cut1 Buchholz"]
[SourceTitle "playchess.com"]
[Source "ChessBase"]
[SourceQuality "1"]

1. d4 e6 2. c4 f5 3. Nf3 Nf6 4. g3 Be7 5. Bg2 d5 6. b3 Ne4 7. Bb2 Nd7 8. Nbd2
c6 9. Qc1 a5 10. Ba3 O-O 11. Bxe7 Qxe7 12. O-O b5 13. cxb5 cxb5 14. Qb2 b4 15.
Rac1 Nc3 16. Nb1 Ne4 17. Nbd2 Ba6 18. Nxe4 fxe4 19. Ne5 Nxe5 20. dxe5 Qa7 21.
Bh3 Rae8 22. Rc6 d4 23. Rxe6 Kh8 24. Rxe8 Rxe8 25. e6 Qc5 26. Rc1 Qh5 27. Bf1
Qg5 28. Rc6 Bb5 29. Rd6 d3 30. exd3 exd3 31. Bxd3 Bxd3 32. Rxd3 Rxe6 33. Qd2
Qe5 34. Re3 Qa1+ 35. Kg2 1-0

[Event "FIDE Open World Blitz 2021"]
[Site "Warsaw"]
[Date "2021.12.29"]
[Round "11.16"]
[White "Asadli, Vugar"]
[Black "Martirosyan, Haik M."]
[Result "0-1"]
[WhiteElo "2386"]
[BlackElo "2624"]
[Annotator "ChessBase"]
[PlyCount "82"]
[EventDate "2021.12.29"]
[EventType "swiss"]
[EventCountry "POL"]
[Tiebreak "Cut1 Buchholz"]
[SourceTitle "playchess.com"]
[Source "ChessBase"]
[SourceQuality "1"]

1. e4 e5 2. Nf3 Nc6 3. Bc4 Bc5 4. c3 Nf6 5. d4 exd4 6. cxd4 Bb4+ 7. Nbd2 d5 8.
exd5 Nxd5 9. O-O O-O 10. a3 Be7 11. h3 Nb6 12. Bd3 Nxd4 13. Nxd4 Qxd4 14. Qc2
h6 15. Nf3 Qd8 16. Bf4 Nd5 17. Rad1 c6 18. Rfe1 Bf6 19. Bg3 Be6 20. Ne5 Bxe5
21. Bxe5 Qg5 22. Bg3 Rfe8 23. Re5 Qf6 24. Rde1 Bd7 25. b4 Rxe5 26. Bxe5 Qg5 27.
Bg3 Be6 28. Re5 Qf6 29. Qc5 Nf4 30. Bf5 Bxf5 31. Bxf4 Bxh3 32. Bg3 Be6 33. b5
cxb5 34. Qxb5 b6 35. Re3 Rc8 36. Be5 Qh4 37. Qb2 Qg5 38. Rg3 Rc1+ 39. Kh2 Qh5+
40. Rh3 Bxh3 41. Qxc1 Be6+ 0-1

[Event "FIDE Open World Blitz 2021"]
[Site "Warsaw"]
[Date "2021.12.29"]
[Round "11.16"]
[White "Theodorou, Nikolas"]
[Black "Gabuzyan, Hovhannes"]
[Result "1-0"]
[WhiteElo "2351"]
[BlackElo "2580"]
[Annotator "ChessBase"]
[PlyCount "77"]
[EventDate "2021.12.29"]
[EventType "swiss"]
[EventCountry "POL"]
[Tiebreak "Cut1 Buchholz"]
[SourceTitle "playchess.com"]
[Source "ChessBase"]
[SourceQuality "1"]

1. e4 c5 2. d4 cxd4 3. c3 Nf6 4. e5 Nd5 5. Bc4 Nb6 6. Bb3 d5 7. exd6 Qxd6 8.
Nf3 Nc6 9. Ng5 e6 10. O-O Be7 11. Qh5 Bxg5 12. Bxg5 O-O 13. Nd2 e5 14. Ne4 Qg6
15. Qxg6 hxg6 16. f4 dxc3 17. bxc3 exf4 18. Rxf4 Na5 19. Rh4 Nd7 20. Bd5 Re8
21. Bxf7+ Kxf7 22. Nd6+ Kg8 23. Nxe8 Nf8 24. Nc7 Rb8 25. Nd5 Bf5 26. Rf1 Nc6
27. Ne7+ Nxe7 28. Bxe7 Ne6 29. Re1 Kf7 30. Bd6 Rd8 31. Be5 Rd2 32. Ra4 a6 33.
Rb4 b5 34. a4 Nc5 35. axb5 Nd3 36. Rd4 axb5 37. Rf1 Ke6 38. Bxg7 Rc2 39. Rxf5
1-0

[Event "FIDE Open World Blitz 2021"]
[Site "Warsaw"]
[Date "2021.12.29"]
[Round "11.17"]
[White "Firouzja, Alireza"]
[Black "Abdusattorov, Nodirbek"]
[Result "1-0"]
[WhiteElo "2770"]
[BlackElo "2646"]
[Annotator "ChessBase"]
[PlyCount "57"]
[EventDate "2021.12.29"]
[EventType "swiss"]
[EventCountry "POL"]
[Tiebreak "Cut1 Buchholz"]
[SourceTitle "playchess.com"]
[Source "ChessBase"]
[SourceQuality "1"]

1. d4 Nf6 2. Bg5 g6 3. Nd2 d5 4. e3 Bg7 5. c3 O-O 6. Ngf3 c6 7. Be2 Bg4 8. h3
Bxf3 9. Nxf3 Nbd7 10. O-O Ne4 11. Bf4 Qb6 12. Qc2 Rfe8 13. c4 e5 14. dxe5 Nxe5
15. Bxe5 Bxe5 16. Nxe5 Rxe5 17. cxd5 cxd5 18. Rad1 Rd8 19. Rd4 Nd6 20. Rfd1 Nf5
21. R4d3 d4 22. Bg4 Rc5 23. Qd2 Rdc8 24. e4 Nd6 25. Bxc8 Nc4 26. Qe2 Rxc8 27.
b3 Na3 28. Rxd4 Nb5 29. Rc4 1-0

[Event "FIDE Open World Blitz 2021"]
[Site "Warsaw"]
[Date "2021.12.29"]
[Round "11.17"]
[White "Mikhalevski, Victor"]
[Black "Gumularz, Szymon"]
[Result "0-1"]
[WhiteElo "2577"]
[BlackElo "2396"]
[Annotator "ChessBase"]
[PlyCount "116"]
[EventDate "2021.12.29"]
[EventType "swiss"]
[EventCountry "POL"]
[Tiebreak "Cut1 Buchholz"]
[SourceTitle "playchess.com"]
[Source "ChessBase"]
[SourceQuality "1"]

1. Nf3 d5 2. g3 g6 3. Bg2 Bg7 4. d4 c6 5. O-O Nf6 6. c4 dxc4 7. Na3 b5 8. Ne5
Nd5 9. e4 Nb6 10. Be3 O-O 11. b3 Bxe5 12. dxe5 Qxd1 13. Rfxd1 cxb3 14. axb3 Be6
15. Nxb5 cxb5 16. Bxb6 Nc6 17. Bc5 Bxb3 18. Rdb1 Bc4 19. e6 fxe6 20. Ra6 Rac8
21. e5 Nb8 22. Rxa7 Rxc5 23. Rxe7 Rxe5 24. Ra1 Ref5 25. Rb7 Rxf2 26. Be4 R2f7
27. Rb6 Nd7 28. Rd6 Nc5 29. Bg2 Rd7 30. Rc6 Nb3 31. Re1 Nd4 32. Rb6 Nf3+ 33.
Bxf3 Rxf3 34. Kg2 Rf5 35. g4 Rf8 36. Re3 Kg7 37. Ra6 Rd2+ 38. Kg3 Rd3 39. Raxe6
Rxe3+ 40. Rxe3 Rb8 41. Rc3 Bf7 42. Rc2 b4 43. Kf4 b3 44. Rb2 Ra8 45. Rd2 Rb8
46. Rb2 Rb4+ 47. Kg3 g5 48. Kf3 Rf4+ 49. Kg3 Ra4 50. Rd2 Rb4 51. Rb2 Bd5 52. h3
h6 53. Kf2 Kf6 54. Ke3 Ke5 55. Kd3 Rf4 56. Re2+ Kd6 57. Re8 Rb4 58. Rd8+ Kc7
0-1

[Event "FIDE Open World Blitz 2021"]
[Site "Warsaw"]
[Date "2021.12.29"]
[Round "11.18"]
[White "Vachier-Lagrave, Maxime"]
[Black "Matlakov, Maxim"]
[Result "1-0"]
[WhiteElo "2766"]
[BlackElo "2614"]
[Annotator "ChessBase"]
[PlyCount "97"]
[EventDate "2021.12.29"]
[EventType "swiss"]
[EventCountry "POL"]
[Tiebreak "Cut1 Buchholz"]
[SourceTitle "playchess.com"]
[Source "ChessBase"]
[SourceQuality "1"]

1. e4 e5 2. Nf3 Nc6 3. Bb5 a6 4. Ba4 Nf6 5. O-O Nxe4 6. d4 b5 7. Bb3 d5 8. dxe5
Be6 9. c3 Be7 10. Nbd2 O-O 11. Bc2 f5 12. exf6 Nxf6 13. a4 b4 14. Re1 Bg4 15.
h3 Bh5 16. Nf1 Bc5 17. Be3 Qd6 18. Ng3 Bxf3 19. Qxf3 Ne5 20. Qe2 Bxe3 21. Qxe3
Rae8 22. Nf5 Qd7 23. Qg3 Ne4 24. Bxe4 dxe4 25. Nh6+ Kh8 26. Rxe4 Ng6 27. Rxe8
Rxe8 28. Ng4 Qd2 29. cxb4 Qxb2 30. Qa3 Qd2 31. Qc1 Qxb4 32. Qxc7 Nf4 33. Qc6
Rf8 34. Qxa6 Qe4 35. Ne3 h6 36. Rc1 Rf6 37. Qc4 Qg6 38. Qc8+ Kh7 39. Qg4 Qxg4
40. Nxg4 Ne2+ 41. Kf1 Nxc1 42. Nxf6+ gxf6 43. a5 Nb3 44. a6 Nd2+ 45. Ke2 Nc4
46. a7 Nb6 47. Kd3 Kg6 48. Kd4 Kf7 49. Ke4 1-0

[Event "FIDE Open World Blitz 2021"]
[Site "Warsaw"]
[Date "2021.12.29"]
[Round "11.18"]
[White "Holm, Kristian Stuvik"]
[Black "Halkias, Stelios"]
[Result "1/2-1/2"]
[WhiteElo "2471"]
[BlackElo "2575"]
[Annotator "ChessBase"]
[PlyCount "123"]
[EventDate "2021.12.29"]
[EventType "swiss"]
[EventCountry "POL"]
[Tiebreak "Cut1 Buchholz"]
[SourceTitle "playchess.com"]
[Source "ChessBase"]
[SourceQuality "1"]

1. Nf3 Nf6 2. c4 g6 3. Nc3 Bg7 4. e4 d6 5. d4 O-O 6. Be2 e5 7. O-O exd4 8. Nxd4
Re8 9. f3 c6 10. Kh1 d5 11. cxd5 cxd5 12. Bg5 Nc6 13. Bb5 h6 14. Nxc6 bxc6 15.
Bxc6 hxg5 16. Bxa8 Ba6 17. Bxd5 Bxf1 18. Qxf1 Nxd5 19. Nxd5 Bxb2 20. Rb1 Be5
21. Qb5 Re6 22. Rc1 Kg7 23. a4 Qh8 24. h3 Qh4 25. Qf1 Qg3 26. Qg1 Re8 27. Ne3
Rh8 28. Nf1 Qf4 29. Rd1 Rxh3+ 30. gxh3 Qxf3+ 31. Qg2 Qxd1 32. a5 Bf4 33. a6 Qa1
34. Qe2 Kh6 35. Kg2 Qd4 36. Nh2 f5 37. exf5 gxf5 38. Nf3 Qe3 39. Qc2 Qe6 40.
Qd3 Kg6 41. Qb5 Qa2+ 42. Kf1 Qe6 43. Kg2 Kh6 44. Qd3 Kg6 45. Kf1 Kh5 46. Nd4
Qd5 47. Qe2+ Kh6 48. Nf3 g4 49. hxg4 fxg4 50. Ng1 Qf5 51. Kg2 Qd5+ 52. Kf1 Qf5
53. Kg2 Be5 54. Qe3+ Kh5 55. Qxa7 Qe4+ 56. Kf1 Qb1+ 57. Kg2 Qe4+ 58. Kf1 Qb1+
59. Kg2 Qe4+ 60. Kf1 Qf5+ 61. Kg2 Qe4+ 62. Kf1 1/2-1/2

[Event "FIDE Open World Blitz 2021"]
[Site "Warsaw"]
[Date "2021.12.29"]
[Round "11.19"]
[White "Sjugirov, Sanan"]
[Black "Nihal Sarin"]
[Result "0-1"]
[WhiteElo "2589"]
[BlackElo "2650"]
[Annotator "ChessBase"]
[PlyCount "106"]
[EventDate "2021.12.29"]
[EventType "swiss"]
[EventCountry "POL"]
[Tiebreak "Cut1 Buchholz"]
[SourceTitle "playchess.com"]
[Source "ChessBase"]
[SourceQuality "1"]

1. e4 e5 2. Nf3 Nc6 3. Bc4 d6 4. d4 Nf6 5. Nc3 Bg4 6. Bb5 Bxf3 7. gxf3 a6 8.
Bxc6+ bxc6 9. Rg1 g6 10. Bg5 Be7 11. Qd2 Nh5 12. Bh6 Bf8 13. Bg5 Be7 14. Be3
exd4 15. Qxd4 O-O 16. O-O-O Bf6 17. Qc4 Be5 18. Bg5 Qd7 19. Ne2 Rab8 20. c3 Qh3
21. Qd3 Qe6 22. Kb1 Rb6 23. Be3 c5 24. f4 Rfb8 25. Rd2 Bg7 26. f5 Qd7 27. f4
Qa4 28. fxg6 hxg6 29. f5 Nf6 30. Ng3 Ng4 31. fxg6 fxg6 32. Bf4 Qe8 33. Rf1 Qe6
34. h3 c4 35. Qf3 Ne5 36. Bxe5 Bxe5 37. Ne2 Qe7 38. Qg4 Kh7 39. h4 Rf8 40. Rg1
Qf7 41. h5 gxh5 42. Qh4 Rg8 43. Rdd1 Rgb8 44. Rd2 Rg8 45. Rdd1 Rbb8 46. Rh1
Rbf8 47. Qh3 Kh6 48. a3 Rg5 49. Ka2 Qg6 50. Rdg1 Rxg1 51. Rxg1 Qxe4 52. Qe6+
Rf6 53. Qe7 Rg6 0-1

[Event "FIDE Open World Blitz 2021"]
[Site "Warsaw"]
[Date "2021.12.29"]
[Round "11.19"]
[White "Dragnev, Valentin"]
[Black "Shoker, Samy"]
[Result "1/2-1/2"]
[WhiteElo "2396"]
[BlackElo "2504"]
[Annotator "ChessBase"]
[PlyCount "149"]
[EventDate "2021.12.29"]
[EventType "swiss"]
[EventCountry "POL"]
[Tiebreak "Cut1 Buchholz"]
[SourceTitle "playchess.com"]
[Source "ChessBase"]
[SourceQuality "1"]

1. e4 g6 2. d4 Bg7 3. Nf3 d6 4. Be3 a6 5. c4 c6 6. Be2 Nf6 7. Nc3 b5 8. a3 bxc4
9. Bxc4 d5 10. exd5 Nxd5 11. Nxd5 cxd5 12. Be2 O-O 13. O-O Bg4 14. Rc1 Bxf3 15.
Bxf3 e6 16. Qd3 Qb6 17. Rc2 Nc6 18. Rd1 a5 19. Be2 Rfb8 20. h4 h5 21. g4 hxg4
22. Bxg4 Ne7 23. Rdc1 Rc8 24. Kg2 Rxc2 25. Rxc2 a4 26. Qd1 Nc6 27. Rc5 Ra5 28.
h5 gxh5 29. Bxh5 Rxc5 30. dxc5 Qb3 31. Qxb3 axb3 32. Bd1 Bxb2 33. Bxb3 Bxa3 34.
Ba4 Ne7 35. Bd7 e5 36. c6 d4 37. Bd2 Bd6 38. Kf3 f5 39. Ke2 e4 40. Ba5 d3+ 41.
Kd1 Kf7 42. c7 Bxc7 43. Bxc7 Kg6 44. Kd2 Nd5 45. Bd6 Kf6 46. Bc8 Nb6 47. Ba6
Ke6 48. Bc5 Na8 49. Ke3 Nc7 50. Bc4+ Ke5 51. Bf8 f4+ 52. Kd2 Ne6 53. Ba3 Kf5
54. Bb2 Ng5 55. Bb5 Nf3+ 56. Kd1 Ne5 57. Ba6 Ng4 58. Ke1 e3 59. Bxd3+ Kg5 60.
f3 Nf2 61. Ke2 Kh4 62. Bf5 Kg3 63. Bc3 Nh1 64. Be1+ Nf2 65. Be6 Kg2 66. Bf5 Kg3
67. Be4 Kg2 68. Bd5 Nh3 69. Bc3 Ng1+ 70. Kd3 Kf1 71. Bc4 Nxf3 72. Ke4+ Kf2 73.
Kxf4 e2 74. Bxe2 Kxe2 75. Be5 1/2-1/2

[Event "FIDE Open World Blitz 2021"]
[Site "Warsaw"]
[Date "2021.12.29"]
[Round "11.20"]
[White "Sargissian, Gabriel"]
[Black "Durarbayli, Vasif"]
[Result "1/2-1/2"]
[WhiteElo "2664"]
[BlackElo "2599"]
[Annotator "ChessBase"]
[PlyCount "84"]
[EventDate "2021.12.29"]
[EventType "swiss"]
[EventCountry "POL"]
[Tiebreak "Cut1 Buchholz"]
[SourceTitle "playchess.com"]
[Source "ChessBase"]
[SourceQuality "1"]

1. d4 Nf6 2. c4 e6 3. Nf3 b6 4. g3 Bb7 5. Bg2 Bb4+ 6. Bd2 Bxd2+ 7. Qxd2 O-O 8.
Nc3 Ne4 9. Qd3 Nxc3 10. Ng5 Ne4 11. Nxe4 d5 12. cxd5 Bxd5 13. O-O Nc6 14. Rfd1
h6 15. Nc3 Bxg2 16. Kxg2 Qd7 17. d5 Ne7 18. dxe6 Qxe6 19. Qd7 c5 20. Qxe6 fxe6
21. Rd6 Nf5 22. Rxe6 Rad8 23. Rd1 Rxd1 24. Nxd1 Rd8 25. Nc3 Rd2 26. Re8+ Kh7
27. b3 Rc2 28. Nd5 Rxa2 29. h4 Kg6 30. Re5 Nd4 31. h5+ Kf7 32. Re7+ Kf8 33. e3
Nxb3 34. Rc7 Nd2 35. Nf4 Ne4 36. Ne6+ Kg8 37. Rxg7+ Kh8 38. Rf7 c4 39. Rf8+ Kh7
40. Rf7+ Kg8 41. Rf8+ Kh7 42. Rf7+ Kg8 1/2-1/2

[Event "FIDE Open World Blitz 2021"]
[Site "Warsaw"]
[Date "2021.12.29"]
[Round "11.20"]
[White "Kanarek, Marcel"]
[Black "Kovalev, Vladislav"]
[Result "1-0"]
[WhiteElo "2342"]
[BlackElo "2634"]
[Annotator "ChessBase"]
[PlyCount "87"]
[EventDate "2021.12.29"]
[EventType "swiss"]
[EventCountry "POL"]
[Tiebreak "Cut1 Buchholz"]
[SourceTitle "playchess.com"]
[Source "ChessBase"]
[SourceQuality "1"]

1. e4 e5 2. Nf3 Nc6 3. Bb5 a6 4. Ba4 Nf6 5. O-O Be7 6. Re1 b5 7. Bb3 d6 8. c3
O-O 9. h3 Nb8 10. d4 Nbd7 11. Nbd2 c5 12. Nf1 Re8 13. Ng3 Bf8 14. a4 Bb7 15.
Bc2 exd4 16. cxd4 cxd4 17. Nxd4 bxa4 18. Ndf5 Nc5 19. Qd4 Rc8 20. e5 dxe5 21.
Qh4 Nd3 22. Bxd3 Qxd3 23. Bg5 Qd5 24. Ne3 Qe6 25. Bxf6 Qxf6 26. Qxf6 gxf6 27.
Rxa4 Re6 28. Ngf5 e4 29. Rd1 Re5 30. Rad4 Rce8 31. Rd8 Bc8 32. g4 h5 33. Kg2
Kh7 34. Kg3 Bc5 35. R8d5 Bxe3 36. Nxe3 hxg4 37. hxg4 Kg6 38. Rd6 Rb5 39. R1d2
Re6 40. Rd8 Rc6 41. Nd5 Kg7 42. Ne7 e3 43. Rg8+ Kh7 44. Rd1 1-0

[Event "FIDE Open World Blitz 2021"]
[Site "Warsaw"]
[Date "2021.12.29"]
[Round "11.21"]
[White "Oparin, Grigoriy"]
[Black "Onyshchuk, Volodymyr"]
[Result "1-0"]
[WhiteElo "2580"]
[BlackElo "2622"]
[Annotator "ChessBase"]
[PlyCount "80"]
[EventDate "2021.12.29"]
[EventType "swiss"]
[EventCountry "POL"]
[Tiebreak "Cut1 Buchholz"]
[SourceTitle "playchess.com"]
[Source "ChessBase"]
[SourceQuality "1"]

1. Nf3 g6 2. d4 Bg7 3. e4 d6 4. Bd3 Nf6 5. O-O O-O 6. Re1 Nc6 7. c3 e5 8. h3 h6
9. Na3 Re8 10. Bd2 a5 11. Rc1 Bd7 12. d5 Ne7 13. c4 b6 14. Nb5 Rf8 15. b3 Ne8
16. a3 f5 17. Nh4 f4 18. b4 axb4 19. axb4 g5 20. Nf3 Ng6 21. c5 bxc5 22. bxc5
h5 23. Nh2 g4 24. hxg4 hxg4 25. Nxg4 Qg5 26. f3 Nh4 27. cxd6 cxd6 28. Nc7 Nxc7
29. Rxc7 Bxg4 30. fxg4 Ra2 31. Rc2 Ra4 32. Rf1 Rd4 33. Bc3 f3 34. Bxd4 exd4 35.
Qc1 Qe5 36. Rcf2 Kh7 37. Qd1 Bh6 38. Rxf3 Nxf3+ 39. Rxf3 Be3+ 40. Kf1 Qh2 1-0

[Event "FIDE Open World Blitz 2021"]
[Site "Warsaw"]
[Date "2021.12.29"]
[Round "11.21"]
[White "Schneider, Ilja"]
[Black "Szpar, Milosz"]
[Result "1-0"]
[WhiteElo "2486"]
[BlackElo "2285"]
[Annotator "ChessBase"]
[PlyCount "99"]
[EventDate "2021.12.29"]
[EventType "swiss"]
[EventCountry "POL"]
[Tiebreak "Cut1 Buchholz"]
[SourceTitle "playchess.com"]
[Source "ChessBase"]
[SourceQuality "1"]

1. e4 c5 2. Nc3 e6 3. Nf3 Nc6 4. Bb5 Qc7 5. O-O Nge7 6. d4 cxd4 7. Nxd4 Ng6 8.
Re1 Bd6 9. g3 Nxd4 10. Qxd4 h5 11. Bf1 a6 12. Be3 h4 13. Bg2 O-O 14. Rad1 Be7
15. Qb6 Qe5 16. Bd4 Qh5 17. e5 f6 18. exf6 Bxf6 19. Bxf6 gxf6 20. Ne4 Ne5 21.
Qe3 hxg3 22. hxg3 Ng4 23. Qf3 d5 24. Nd6 Bd7 25. c4 Qh2+ 26. Kf1 Ne5 27. Rxe5
fxe5 28. Qg4+ Kh8 29. cxd5 Rxf2+ 30. Kxf2 Rf8+ 31. Ke3 Qxg2 32. Qh5+ Kg7 33.
Qxe5+ Kg8 34. Qg5+ Kh7 35. Qh5+ Kg7 36. Qg5+ Kh8 37. Qh6+ Kg8 38. Qg6+ Kh8 39.
Nf7+ Rxf7 40. Qxf7 Qxg3+ 41. Qf3 Qe5+ 42. Kf2 Qxb2+ 43. Kg1 exd5 44. Rxd5 Qc1+
45. Kh2 Qc2+ 46. Kg3 Qg6+ 47. Kf2 Bc6 48. Rd8+ Kh7 49. Qh3+ Qh6 50. Rh8+ 1-0